Bài giảng giải tích
Đã lưu trong:
| Định dạng: | Sách |
|---|---|
| Các nhãn: |
Thêm thẻ
Không có thẻ, Là người đầu tiên thẻ bản ghi này!
|
| Thư viện lưu trữ: | Mạng thư viện Đại học Đà Nẵng |
|---|
| LEADER | 00574nam a2200193 4500 | ||
|---|---|---|---|
| 001 | 000008119 | ||
| 003 | 4301 | ||
| 005 | 20150812140802.0 | ||
| 008 | 111014s sd | ||
| 245 | 0 | 0 | |a Bài giảng giải tích |c Nguyễn Duy tiến |
| 774 | |a Nguyễn Duy Tiến |b In lần thứ 2 |d H. |d Đại học quốc gia Hà Nội |d 2004 |g Tập 1 |h 304 |w 4308 | ||
| OWN | |a LSP | ||
| 999 | |a From the UDN01 | ||
| TYP | |a Monograph | ||
| TYP | |a Printed language | ||
| 980 | |a Mạng thư viện Đại học Đà Nẵng | ||